[Event "Goiania Mega Modas Park op"]
[Site "Goiania"]
[Date "2023.04.07"]
[Round "1"]
[White "Vieira Ferreira De Assis, Rayner"]
[Black "Santos, Felipe Aires"]
[Result "1/2-1/2"]
[WhiteElo "1781"]
[BlackElo "1800"]
[PlyCount "74"]
[EventDate "2023.04.07"]
[EventType "swiss"]
[EventRounds "6"]
[EventCountry "BRA"]
[SourceTitle "EXT 2024"]
[Source "ChessBase"]
[SourceDate "2023.10.10"]
[SourceVersion "1"]
[SourceVersionDate "2023.10.10"]
[SourceQuality "1"]

1. d4 Nf6 2. Bf4 g6 3. Nc3 d5 4. Qd2 Bf5 5. f3 h5 6. e3 a6 7. Bd3 Bxd3 8. Qxd3 Nc6 9. Nge2 h4 10. h3 Qd7 11. e4 dxe4 12. fxe4 Bh6 13. Bxh6 Rxh6 14. a3 0-0-0 15. d5 Ne5 16. Qe3 Rh7 17. Qa7 Qd6 18. Qa8+ Kd7 19. Qxb7 Qb6 20. Qxb6 cxb6 21. 0-0-0 Kc7 22. b3 Rg7 23. Rhf1 Ne8 24. Nf4 Nd6 25. Nd3 Nxd3+ 26. Rxd3 f6 27. Re3 Nf7 28. Ne2 Rgg8 29. Nf4 Kd6 30. Rc3 Ne5 31. Nd3 Rc8 32. Rxc8 Rxc8 33. Nxe5 Kxe5 34. Re1 Rc3 35. Kd2 Rg3 36. Re2 g5 37. a4 a5 1/2-1/2